Vista normal
Vista MARC
- COVID-19
Entrada Materia
Número de registros utilizados en: 2
001 - NÚMERO DE CONTROL
- campo de control: 441
003 - IDENTIFICADOR DEL NÚMERO DE CONTROL
- campo de control: ES-MaFIAP
005 - FECHA Y HORA DE LA ÚLTIMA TRANSACCIÓN
- campo de control: 20220928131417.0
008 - DATOS DE LONGITUD FIJA
- campo de control de longitud fija: 220928|| aca||aabn | a|a d
040 ## - FUENTE DE LA CATALOGACIÓN
- Centro catalogador/agencia de origen: ES-MaFIAP
- Centro/agencia transcriptor: ES-MaFIAP
150 ## - ENCABEZAMIENTO--TÉRMINO DE MATERIA
- Término de materia o nombre geográfico como elemento de entrada: COVID-19
- Subdivisión general: Prevención
670 ## - FUENTE DE DATOS ENCONTRADOS
- Cita de la fuente: Work cat.: (ES-MaFIAP)145: Guía práctica para el apoyo al alumnado con discapacidad auditiva en contexto COVID-19 [Texto impreso] /





